№ 2; Химическая промышленность

Detalles Bibliográficos
Parent link:Химическая промышленность: научно-технический журнал/ ООО "Химпром Сегодня" ; Российский химико-технологический университет им. Д. И. Менделеева (РХТУ). № 2.— , 1944-2006.— 0023-110X
Lenguaje:ruso
Publicado: 2002
Formato: MixedMaterials Libro
KOHA link:https://koha.lib.tpu.ru/cgi-bin/koha/opac-detail.pl?biblionumber=380865

MARC

LEADER 00000nam2a2200000 4500
001 380865
005 20231101062738.0
035 |a (RuTPU)RU\TPU\prd\2709 
090 |a 380865 
100 |a 20020402a19242006k y0rusy50 ca 
101 0 |a rus 
102 |a RU 
200 0 |a № 2 
210 |d 2002 
461 1 |0 (RuTPU)RU\TPU\prd\1027  |x 0023-110X  |t Химическая промышленность  |o научно-технический журнал  |f ООО "Химпром Сегодня" ; Российский химико-технологический университет им. Д. И. Менделеева (РХТУ)  |v № 2  |d 1944-2006 
801 0 |a RU  |b 63413507  |c 20010227  |g PSBO 
801 1 |a RU  |b 63413507  |c 20020402  |g PSBO 
801 2 |a RU  |b 63413507  |c 20200811  |g RCR 
942 |c BK 
999 |a НТБ_ТПУ  |b НФ  |e -8/20120110  |p П-1937  |s 2/20020226  |u 0,00  |v 1  |y 13821000848203